L'audacia Della Speranza Il sogno amerocano per un uomo nuovo
Saved in:
| Hovedforfatter: | |
|---|---|
| Format: | Bog |
| Sprog: | ukendt sprog |
| Udgivet: |
Bir Extra Rizzoli
|
| Tags: |
Ingen Tags, Vær først til at tagge denne postø!
|
MARC
| LEADER | 00000nam a2200000Ia 4500 | ||
|---|---|---|---|
| 001 | R-1125 | ||
| 003 | CODICE-MESSINA | ||
| 005 | 20260212102502.0 | ||
| 008 | 260211s9999 xx 000 0 und d | ||
| 040 | |c importazione_messina | ||
| 100 | |a Barack Obama | ||
| 245 | 0 | |a L'audacia Della Speranza | |
| 245 | 0 | |b Il sogno amerocano per un uomo nuovo | |
| 260 | |b Bir Extra Rizzoli | ||
| 942 | |2 ddc |c BK | ||
| 952 | |0 0 |1 0 |2 ddc |4 0 |6 SCAFFALE_11_000000000000000__ROMANZI |7 0 |9 31956 |a ME |b ME |d 2026-02-11 |l 0 |o SCAFFALE 11 - ROMANZI |p R-1125 |r 2026-02-11 23:52:53 |w 2026-02-11 |x [REVISIONARE] |y BK | ||
| 952 | |0 0 |1 0 |2 ddc |4 0 |6 320_973000000000000_OBA_AUD |7 0 |9 33318 |a VT |b VT |d 2026-03-31 |e Dono di Luca Bonomi |i B613 |l 0 |o 320.973 OBA AUD |p B613 |r 2026-03-31 19:12:06 |w 2026-03-31 |y BK |z Dono di Luca Bonomi | ||
| 999 | |c 27621 |d 27621 | ||